Frank Turner Songs - Statistics

General Stats
  • This quiz has been taken 67 times
  • The average score is 34 of 96
Answer Stats
Album Song % Correct
Be More Kind be more kind
83%
Tape Deck Heart recovery
74%
Be More Kind 1933
71%
Positive Songs for Negative People get better
67%
Tape Deck Heart four simple words
62%
Love Ire & Song love ire and song
60%
Be More Kind Little changes
57%
Positive Songs for Negative People the next storm
57%
England keep my Bones Eulogy
55%
England keep my Bones i still believe
55%
Positive Songs for Negative People mittens
55%
Love Ire & Song long live the queen
52%
Be More Kind make america great again
52%
Love Ire & Song photosynthesis
50%
Positive Songs for Negative People song for josh
50%
England keep my Bones wessex boy
50%
Be More Kind blackout
48%
England keep my Bones i am disappeared
48%
Love Ire & Song i knew prufrock before he got famous
48%
Tape Deck Heart plain sailing weather
48%
Poetry of the deed Poetry of the deed
48%
Be More Kind the lifeboat
48%
Be More Kind there she is
48%
Tape Deck Heart the way i tend to be
48%
Tape Deck Heart broken piano
45%
Be More Kind Don't worry
45%
Tape Deck Heart losing days
45%
England keep my Bones peggy sang the blues
45%
Tape Deck Heart polaroid picture
45%
Positive Songs for Negative People demons
43%
England keep my Bones if ever i stray
43%
Love Ire & Song substitute
43%
Positive Songs for Negative People The angel islington
43%
Sleep is for the Week a decent cup of tea
40%
Sleep is for the Week ballad of me and my friends
40%
Sleep is for the Week fathers day
40%
Positive Songs for Negative People josephine
40%
Positive Songs for Negative People silent key
40%
Tape Deck Heart tattoos
40%
Sleep is for the Week The real damage
40%
Poetry of the deed try this at home
40%
Be More Kind 21st century survival blues
38%
Positive Songs for Negative People glorious you
38%
Positive Songs for Negative People love forty down
38%
Tape Deck Heart the fisher king blues
38%
Poetry of the deed the road
38%
England keep my Bones balthazar impresario
36%
Tape Deck Heart good and gone
36%
Positive Songs for Negative People opening act of spring
36%
England keep my Bones nights become days
33%
Tape Deck Heart oh brother
33%
England keep my Bones rivers
33%
Tape Deck Heart time machine
33%
Poetry of the deed dans song
31%
England keep my Bones glory hallelujah
31%
England keep my Bones one foot before the other
31%
Sleep is for the Week romantic fatigue
31%
Tape Deck Heart tell tale signs
31%
Sleep is for the Week vital signs
31%
Sleep is for the Week worse things happen at sea
31%
Be More Kind brave face
29%
Poetry of the deed isabel
29%
Love Ire & Song jet lag
26%
England keep my Bones redemption
26%
England keep my Bones song for eva mae
26%
Poetry of the deed sons of liberty
26%
Tape Deck Heart we shall not overcome
26%
England keep my Bones english curse
24%
Sleep is for the Week once we were anarchists
24%
Positive Songs for Negative People out of breath
24%
Love Ire & Song to take you home
24%
Sleep is for the Week wisdom teeth
24%
Be More Kind common ground
21%
Tape Deck Heart cowboy chords
21%
Poetry of the deed journey of the magi
21%
Poetry of the deed live fast die old
21%
Love Ire & Song better half
19%
Love Ire & Song imperfect tense
19%
England keep my Bones sailors boots
19%
Tape Deck Heart undeveloped film
19%
England keep my Bones wanderlust
19%
Tape Deck Heart anymore
17%
Be More Kind going nowhere
17%
Poetry of the deed the fastest way back home
17%
get it right
14%
Sleep is for the Week my kingdom for a horse
14%
Poetry of the deed faithful son
12%
Sleep is for the Week ladies of london town
12%
Poetry of the deed richard divine
12%
Love Ire & Song a love worth keeping
10%
Sleep is for the Week back in the day
10%
Sleep is for the Week must try harder
10%
Poetry of the deed sunday nights
10%
Poetry of the deed our lady of the campfires
5%
Tape Deck Heart wherefore art thou simmons
5%
Love Ire & Song st christpher is coming home
0%
No matching quizzes found
Score Distribution
Percent of People with Each Score
Percentile by Number Answered
Your Score History
You have not taken this quiz